[Event "Sochi ChessAmateur op10"]
[Site "Sochi"]
[Date "2018.10.14"]
[Round "4"]
[White "Trubchaninov, Artem"]
[Black "Sredojevic, Ivan"]
[Result "0-1"]
[WhiteElo "2119"]
[BlackElo "2316"]
[PlyCount "82"]
[EventDate "2018.10.12"]
[EventType "swiss"]
[EventRounds "9"]
[EventCountry "RUS"]
[SourceTitle "CBM 187 Extra"]
[Source "ChessBase"]
[SourceDate "2018.11.04"]
[SourceVersion "1"]
[SourceVersionDate "2018.11.04"]
[SourceQuality "1"]

1. c4 g6 2. Nc3 Bg7 3. d4 Nf6 4. e4 0-0 5. Nf3 d6 6. Be2 c6 7. 0-0 e5 8. h3 exd4 9. Nxd4 Na6 10. Bf3 Re8 11. Re1 Nd7 12. Be3 Nac5 13. Qd2 a5 14. Nb3 Nb6 15. Be2 Nxe4 16. Nxe4 Rxe4 17. c5 Nd5 18. Bf3 Rxe3 19. fxe3 a4 20. Bxd5 cxd5 21. Qxd5 axb3 22. axb3 Be6 23. Qxd6 Bf8 24. Rxa8 Qxa8 25. Qb6 Qc8 26. b4 Bd5 27. Qf6 Qe8 28. Qd4 Bc6 29. e4 h6 30. e5 Qe7 31. e6 fxe6 32. Qg4 Kf7 33. Qf4+ Qf6 34. Qc7+ Kg8 35. Qc8 Bd5 36. Rf1 Qe7 37. Qb8 Kg7 38. Qe5+ Kh7 39. Re1 Qg7 40. Qf4 Qxb2 41. Qf7+ Bg7 0-1

[Event "Sochi Doroshkevich Amateur op"]
[Site "Sochi"]
[Date "2017.12.25"]
[Round "6"]
[White "Trubchaninov, Artem"]
[Black "Zlydneva, Daria"]
[Result "1-0"]
[WhiteElo "2112"]
[BlackElo "1918"]
[PlyCount "39"]
[EventDate "2017.12.21"]
[EventType "swiss"]
[EventRounds "9"]
[EventCountry "RUS"]
[SourceTitle "CBM 182 Extra"]
[Source "ChessBase"]
[SourceDate "2018.02.23"]
[SourceVersion "1"]
[SourceVersionDate "2018.02.23"]
[SourceQuality "1"]

1. c4 e6 2. Nc3 Nf6 3. Nf3 d5 4. cxd5 exd5 5. d4 Bd6 6. Bg5 c6 7. Qc2 Nbd7 8. e3 0-0 9. Bd3 Qc7 10. 0-0 Re8 11. Rab1 a5 12. a3 b6 13. Rfc1 c5 14. Nb5 Qb8 15. Bxf6 Nxf6 16. Nxd6 Qxd6 17. dxc5 Qxc5 18. Qxc5 bxc5 19. Rxc5 Be6 20. Nd4 1-0

[Event "Sochi Doroshkevich Amateur op"]
[Site "Sochi"]
[Date "2017.12.24"]
[Round "4"]
[White "Trubchaninov, Artem"]
[Black "Vaseptsov, Maxim"]
[Result "0-1"]
[WhiteElo "2112"]
[BlackElo "2296"]
[PlyCount "56"]
[EventDate "2017.12.21"]
[EventType "swiss"]
[EventRounds "9"]
[EventCountry "RUS"]
[SourceTitle "CBM 182 Extra"]
[Source "ChessBase"]
[SourceDate "2018.02.23"]
[SourceVersion "1"]
[SourceVersionDate "2018.02.23"]
[SourceQuality "1"]

1. c4 b6 2. Nf3 Bb7 3. d4 Nf6 4. Nc3 g6 5. d5 Bg7 6. e4 0-0 7. e5 Ng4 8. Bf4 d6 9. Qe2 Nd7 10. e6 Nde5 11. Ng5 Nh6 12. exf7+ Nhxf7 13. Ne6 Qd7 14. Qd2 c6 15. h4 b5 16. Nxf8 Rxf8 17. dxc6 Bxc6 18. cxb5 Bb7 19. 0-0-0 Qf5 20. f3 Rc8 21. Be3 Nc4 22. Bxc4 Rxc4 23. Qc2 Qc8 24. Kb1 d5 25. Qe2 Qf5+ 26. Qc2 Qxc2+ 27. Kxc2 Nd6 28. Bd2 d4 0-1

[Event "EU-ch U14 27th"]
[Site "Mamaia"]
[Date "2017.09.07"]
[Round "3"]
[White "Kochavi, Ori"]
[Black "Trubchaninov, Artem"]
[Result "1/2-1/2"]
[WhiteElo "1892"]
[BlackElo "2071"]
[PlyCount "49"]
[EventDate "2017.09.05"]
[EventType "swiss"]
[EventRounds "9"]
[EventCountry "ROU"]
[SourceTitle "CBM 180 Extra"]
[Source "ChessBase"]
[SourceDate "2017.10.06"]
[SourceVersion "1"]
[SourceVersionDate "2017.10.06"]
[SourceQuality "1"]

1. e4 e5 2. Nf3 Nc6 3. Bb5 a6 4. Ba4 Nf6 5. d3 Bc5 6. 0-0 d6 7. c3 b5 8. Bc2 Bg4 9. h3 Bh5 10. Be3 Bxe3 11. fxe3 d5 12. exd5 Nxd5 13. Qe1 0-0 14. a4 Re8 15. Nbd2 Bg6 16. e4 Nb6 17. axb5 axb5 18. Rxa8 Qxa8 19. Nh4 Rf8 20. Bb3 Na5 21. Ba2 Nb7 22. Nxg6 hxg6 23. Bb3 Na5 24. Ba2 Nb7 25. Bb3 1/2-1/2

[Event "EU-ch U14 27th"]
[Site "Mamaia"]
[Date "2017.09.05"]
[Round "1"]
[White "Constantinou, Ivan"]
[Black "Trubchaninov, Artem"]
[Result "0-1"]
[WhiteElo "1588"]
[BlackElo "2071"]
[PlyCount "32"]
[EventDate "2017.09.05"]
[EventType "swiss"]
[EventRounds "9"]
[EventCountry "ROU"]
[SourceTitle "CBM 180 Extra"]
[Source "ChessBase"]
[SourceDate "2017.10.06"]
[SourceVersion "1"]
[SourceVersionDate "2017.10.06"]
[SourceQuality "1"]

1. e4 e5 2. Nf3 Nc6 3. d4 exd4 4. Bc4 Bc5 5. c3 Nf6 6. e5 d5 7. exf6 dxc4 8. Qe2+ Be6 9. fxg7 Rg8 10. Ne5 Qd5 11. Nxc6 Qxg2 12. Rf1 Qxc6 13. cxd4 Bxd4 14. f4 0-0-0 15. Be3 Bh3 16. Rg1 Bxe3 0-1

[Event "EU School-ch U17"]
[Site "Budva"]
[Date "2017.06.17"]
[Round "7"]
[White "Trubchaninov, Artem"]
[Black "Mehraliyev, Sahil"]
[Result "0-1"]
[WhiteElo "2017"]
[BlackElo "1769"]
[PlyCount "26"]
[EventDate "2017.06.11"]
[EventType "swiss"]
[EventRounds "7"]
[EventCountry "MNE"]
[SourceTitle "EXT 2024"]
[Source "ChessBase"]
[SourceDate "2023.10.10"]
[SourceVersion "1"]
[SourceVersionDate "2023.10.10"]
[SourceQuality "1"]

1. c4 e5 2. Nc3 Nc6 3. g3 d6 4. Bg2 Be6 5. d3 Qd7 6. Rb1 Nge7 7. a3 Nc8 8. b4 Be7 9. Nf3 0-0 10. 0-0 Nb6 11. Ne4 f6 12. Be3 d5 13. cxd5 Bxd5 0-1

[Event "World School-ch U13"]
[Site "Sochi"]
[Date "2016.12.08"]
[Round "6"]
[White "Trubchaninov, Artem"]
[Black "Unat, Can Haktan"]
[Result "1-0"]
[WhiteElo "1873"]
[BlackElo "1917"]
[PlyCount "137"]
[EventDate "2016.12.03"]
[EventType "swiss"]
[EventRounds "9"]
[EventCountry "RUS"]
[SourceTitle "EXT 2018"]
[Source "ChessBase"]
[SourceDate "2017.10.13"]
[SourceVersion "1"]
[SourceVersionDate "2017.10.13"]
[SourceQuality "1"]

1. e4 e5 2. Nf3 Nc6 3. Nc3 Nf6 4. d4 exd4 5. Nxd4 Bb4 6. Nxc6 bxc6 7. Bd3 d5 8. exd5 cxd5 9. 0-0 0-0 10. Bg5 c6 11. Qf3 Rb8 12. Ne2 Bd6 13. b3 h6 14. Bh4 Rb4 15. Bg3 Re8 16. h3 Be6 17. c3 Rb8 18. Nd4 Bxg3 19. Qxg3 Rb6 20. Rfe1 c5 21. Nf5 Bxf5 22. Bxf5 Ne4 23. Qd3 Rd6 24. Rad1 Nf6 25. Qb5 Rxe1+ 26. Rxe1 g6 27. Bc2 Qc7 28. Re5 Rd8 29. Re1 c4 30. Qb4 Rb8 31. Qe7 Qxe7 32. Rxe7 a5 33. Ra7 Rb5 34. f3 cxb3 35. Bxb3 Rc5 36. Kf2 Nh7 37. Ke2 Nf8 38. Kd3 Ne6 39. g3 h5 40. Rd7 a4 41. Bxd5 Rb5 42. Bxe6 fxe6 43. c4 Rb1 44. Kc2 Re1 45. a3 Re3 46. Rd3 Re1 47. f4 h4 48. gxh4 Re4 49. Kc3 Rxf4 50. c5 e5 51. Re3 Rf5 52. Kb4 Kf7 53. Kxa4 Ke6 54. Kb5 Rf1 55. Rb3 e4 56. Kc4 Ke5 57. c6 Rf8 58. Kc5 Kf4 59. c7 e3 60. Kc6 e2 61. Rb1 Ke3 62. Re1 Kd2 63. Rxe2+ Kxe2 64. Kb7 Rf7 65. Kb8 Rf3 66. c8Q Rxa3 67. Qe8+ Kf2 68. Qxg6 Rxh3 69. Qf5+ 1-0

[Event "EU-ch U10 23rd"]
[Site "Budva"]
[Date "2013.10.05"]
[Round "6"]
[White "Trubchaninov, Artem"]
[Black "Zachary, Matheo"]
[Result "1-0"]
[WhiteElo "1852"]
[BlackElo "1564"]
[PlyCount "49"]
[EventDate "2013.09.29"]
[EventType "swiss"]
[EventRounds "9"]
[EventCountry "MNE"]
[SourceTitle "EXT 2014"]
[Source "ChessBase"]
[SourceDate "2013.11.20"]
[SourceVersion "1"]
[SourceVersionDate "2013.11.20"]
[SourceQuality "1"]

1. e4 c5 2. Nf3 Nc6 3. Nc3 d6 4. d4 cxd4 5. Nxd4 e5 6. Nb3 Be7 7. Be3 Be6 8. Be2 Nf6 9. 0-0 0-0 10. Bf3 Re8 11. Qd2 Qd7 12. h3 a6 13. Na4 Rad8 14. Nb6 Qc7 15. c4 Nd7 16. Nd5 Bxd5 17. cxd5 Ncb8 18. Rac1 Nc5 19. Nxc5 dxc5 20. Rc2 Nd7 21. Rfc1 Rc8 22. d6 Qxd6 23. Qxd6 Bxd6 24. Rd1 Rc6 25. Rcd2 1-0

[Event "EU-ch U10 23rd"]
[Site "Budva"]
[Date "2013.09.30"]
[Round "2"]
[White "Trubchaninov, Artem"]
[Black "Jazdanovs, Aleksandrs"]
[Result "1/2-1/2"]
[WhiteElo "1852"]
[BlackElo "1624"]
[PlyCount "111"]
[EventDate "2013.09.29"]
[EventType "swiss"]
[EventRounds "9"]
[EventCountry "MNE"]
[SourceTitle "EXT 2014"]
[Source "ChessBase"]
[SourceDate "2013.11.20"]
[SourceVersion "1"]
[SourceVersionDate "2013.11.20"]
[SourceQuality "1"]

1. e4 c6 2. d4 d5 3. exd5 cxd5 4. c4 e6 5. Nc3 Nf6 6. c5 Qc7 7. Nb5 Qd8 8. Bf4 Qa5+ 9. Bd2 Qd8 10. Qa4 Bd7 11. Ba5 Qc8 12. Qa3 Bxb5 13. Bxb5+ Nbd7 14. Qd3 Be7 15. Nf3 0-0 16. 0-0 b6 17. cxb6 axb6 18. Bd2 Ne4 19. Rac1 Qd8 20. Bf4 Bd6 21. Bxd6 Nxd6 22. a3 Nxb5 23. Qxb5 Rc8 24. Qb4 Rxc1 25. Rxc1 Qb8 26. Rc6 Rc8 27. Qc3 Rxc6 28. Qxc6 Qd8 29. g3 Kf8 30. Qd6+ Ke8 31. Kf1 Qb8 32. Qc6 Ke7 33. Ke2 Qd6 34. Qxd6+ Kxd6 35. a4 f6 36. Kd3 e5 37. Nh4 g6 38. b4 exd4 39. Kxd4 Ne5 40. f4 Nc6+ 41. Ke3 Ke6 42. Nf3 Kd6 43. Nd4 Ne7 44. Kd3 f5 45. Ke3 Kd7 46. Nf3 Ng8 47. Ne5+ Kd6 48. Kd4 Nf6 49. a5 bxa5 50. bxa5 Kc7 51. Kc5 Kb7 52. Nd3 Ka6 53. Nb4+ Kxa5 54. Nxd5 Ng4 55. h3 Nf2 56. Nf6 1/2-1/2

[Event "World School-ch U11 9th"]
[Site "Porto Carras"]
[Date "2013.05.14"]
[Round "9"]
[White "Trubchaninov, Artem"]
[Black "Aslanov, Farid"]
[Result "1/2-1/2"]
[WhiteElo "1837"]
[BlackElo "1733"]
[PlyCount "45"]
[EventDate "2013.05.07"]
[EventType "swiss"]
[EventRounds "9"]
[EventCountry "GRE"]
[SourceTitle "CBM 154 Extra"]
[Source "ChessBase"]
[SourceDate "2013.06.25"]
[SourceVersion "2"]
[SourceVersionDate "2013.06.25"]
[SourceQuality "1"]

1. e4 c5 2. Nf3 e6 3. d4 cxd4 4. Nxd4 a6 5. Bd3 Qc7 6. 0-0 d6 7. Qe2 g6 8. b3 Bg7 9. Bb2 Nf6 10. c4 0-0 11. Nd2 Nbd7 12. f4 e5 13. fxe5 dxe5 14. Nc2 b6 15. Ne3 Nc5 16. b4 Nxd3 17. Qxd3 Bb7 18. Nd5 Nxd5 19. cxd5 b5 20. Nb3 Rad8 21. Nc5 Bc8 22. Rfd1 Rd6 23. Rac1 1/2-1/2

[Event "World School-ch U11 9th"]
[Site "Porto Carras"]
[Date "2013.05.11"]
[Round "6"]
[White "Pavlov, Danila"]
[Black "Trubchaninov, Artem"]
[Result "1-0"]
[WhiteElo "1817"]
[BlackElo "1837"]
[PlyCount "85"]
[EventDate "2013.05.07"]
[EventType "swiss"]
[EventRounds "9"]
[EventCountry "GRE"]
[SourceTitle "CBM 154 Extra"]
[Source "ChessBase"]
[SourceDate "2013.06.25"]
[SourceVersion "2"]
[SourceVersionDate "2013.06.25"]
[SourceQuality "1"]

1. e4 Nf6 2. e5 Nd5 3. d4 d6 4. Bc4 Nb6 5. Bb3 dxe5 6. Qf3 e6 7. dxe5 c5 8. c3 Bd7 9. Ne2 Bc6 10. Qg3 N8d7 11. 0-0 Qc7 12. f4 0-0-0 13. a4 Nd5 14. c4 Nb4 15. Nbc3 a6 16. Be3 Be7 17. Rad1 h5 18. Nd5 exd5 19. cxd5 Bxd5 20. Bxd5 Nxd5 21. Rxd5 Qc6 22. Rfd1 g6 23. Qf3 Kb8 24. Kf2 Qc7 25. Nc3 Nb6 26. R5d3 Rxd3 27. Rxd3 Rd8 28. Qd1 Kc8 29. b3 Rxd3 30. Qxd3 Qd7 31. Qe4 Qe6 32. Qc2 Qc6 33. Ne4 Nd5 34. a5 Kd8 35. Bxc5 Ke8 36. Qc4 Nxf4 37. Bxe7 Qxc4 38. bxc4 Kxe7 39. Nc5 g5 40. Kf3 Ne6 41. Nxb7 Kd7 42. Ke4 Ng7 43. Nc5+ 1-0

[Event "World School-ch U11 9th"]
[Site "Porto Carras"]
[Date "2013.05.10"]
[Round "5"]
[White "Trubchaninov, Artem"]
[Black "Gadimbayli, Abdulla Azar"]
[Result "1-0"]
[WhiteElo "1837"]
[BlackElo "2001"]
[PlyCount "72"]
[EventDate "2013.05.07"]
[EventType "swiss"]
[EventRounds "9"]
[EventCountry "GRE"]
[SourceTitle "CBM 154 Extra"]
[Source "ChessBase"]
[SourceDate "2013.06.25"]
[SourceVersion "2"]
[SourceVersionDate "2013.06.25"]
[SourceQuality "1"]

1. e4 c5 2. Nf3 d6 3. d4 cxd4 4. Nxd4 Nf6 5. Nc3 a6 6. h3 e6 7. g4 d5 8. Bg5 dxe4 9. Qd2 Bb4 10. 0-0-0 Nbd7 11. Nde2 0-0 12. Bg2 Qc7 13. Kb1 Qc4 14. Qc1 Nd5 15. Nxd5 exd5 16. Ng3 Nb6 17. Be3 Bc5 18. Bf1 Bxe3 19. Qxe3 Qc6 20. f3 exf3 21. Qxf3 Be6 22. Bd3 Nc4 23. Nf5 Qb6 24. Bxc4 dxc4 25. Qc3 Bxf5 26. gxf5 Qc6 27. Rhg1 f6 28. Rd4 Rac8 29. Rh4 Qc5 30. Rhg4 Rf7 31. Qg3 Rcc7 32. Qf4 Kh8 33. Rd1 Rc8 34. Qxc4 Rfc7 35. Qxc5 Rxc5 36. c3 b5 1-0

[Event "World School-ch U11 9th"]
[Site "Porto Carras"]
[Date "2013.05.08"]
[Round "2"]
[White "Trubchaninov, Artem"]
[Black "Tsolmon, Tseesorogdorj"]
[Result "1-0"]
[WhiteElo "1837"]
[BlackElo "1548"]
[PlyCount "85"]
[EventDate "2013.05.07"]
[EventType "swiss"]
[EventRounds "9"]
[EventCountry "GRE"]
[SourceTitle "CBM 154 Extra"]
[Source "ChessBase"]
[SourceDate "2013.06.25"]
[SourceVersion "2"]
[SourceVersionDate "2013.06.25"]
[SourceQuality "1"]

1. e4 c5 2. Nf3 d6 3. d4 cxd4 4. Nxd4 Nf6 5. Nc3 a6 6. h3 e5 7. Nde2 Nbd7 8. g4 h6 9. Bg2 b5 10. a3 Bb7 11. Be3 Nb6 12. b3 Rc8 13. 0-0 Be7 14. Qd2 Qc7 15. f4 Rd8 16. Kh1 Bc6 17. Ng3 Qb7 18. Qf2 Nbd7 19. g5 Ng8 20. Nf5 Kf8 21. Rad1 Qb8 22. Ba7 Qc7 23. fxe5 Nxe5 24. Bb6 Qc8 25. Bxd8 Qxd8 26. g6 Nf6 27. gxf7 Nxf7 28. Qg3 Rg8 29. Nd5 Bxd5 30. exd5 Qd7 31. Nd4 Nd8 32. Rde1 g6 33. Qh4 Kg7 34. Qg3 Kh7 35. Nc6 Nh5 36. Qg4 Qxg4 37. Rxe7+ Kh8 38. hxg4 Ng3+ 39. Kg1 Nxf1 40. Bxf1 g5 41. Bd3 Rf8 42. Rh7+ Kg8 43. Ne7# 1-0

[Event "Wch U10"]
[Site "Maribor"]
[Date "2012.11.18"]
[Round "11.13"]
[White "Trubchaninov, Artem"]
[Black "Iniyan, Panneerseluam"]
[Result "0-1"]
[WhiteElo "1698"]
[BlackElo "1863"]
[PlyCount "120"]
[EventDate "2012.11.08"]
[EventType "swiss"]
[EventRounds "11"]
[EventCountry "SLO"]
[SourceTitle "EXT 2013"]
[Source "ChessBase"]
[SourceDate "2012.11.22"]
[SourceVersion "1"]
[SourceVersionDate "2012.11.22"]
[SourceQuality "1"]

1. e4 c5 2. Nf3 d6 3. Bb5+ Bd7 4. Bxd7+ Nxd7 5. 0-0 Ngf6 6. Qe2 e6 7. c3 Be7 8. Rd1 0-0 9. d4 Qc7 10. Bg5 Rfe8 11. Nbd2 Rac8 12. Rac1 h6 13. Bf4 e5 14. dxe5 dxe5 15. Bg3 Nh5 16. Nc4 Nxg3 17. hxg3 Bf8 18. Ne3 c4 19. Nd5 Qc6 20. Rc2 b5 21. Rcd2 Nc5 22. Ne1 Qg6 23. Qf3 Nxe4 24. Re2 Ng5 25. Qg4 f5 26. Qh4 Bc5 27. b4 cxb3 28. Nd3 bxa2 29. Rxa2 Qe6 30. Nxc5 Rxc5 31. Rad2 Ne4 32. Rd3 a5 33. Qh5 Kh7 34. Qe2 Rxd5 35. Rxd5 Nxc3 36. Qf3 Nxd5 37. Rxd5 Rb8 38. Qd3 b4 39. Rxa5 b3 40. Ra1 e4 41. Qd1 Qc4 42. Kh2 Qd3 43. Qe1 b2 44. Rb1 Qc2 45. Qf1 Rb3 46. Qe1 Rc3 47. Qf1 Rd3 48. Kh3 Rd2 49. Qb5 Rxf2 50. Rg1 e3 51. Qb6 Rxg2 52. Rxg2 b1Q 53. Rxc2 Qxb6 54. g4 Qb1 55. Rh2 Qf1+ 56. Kg3 f4+ 57. Kh4 e2 58. g5 e1Q+ 59. Kg4 Qe6+ 60. Kh4 Qfe1+ 0-1

[Event "Wch U10"]
[Site "Maribor"]
[Date "2012.11.14"]
[Round "7.21"]
[White "Trubchaninov, Artem"]
[Black "Kelemen, David"]
[Result "1-0"]
[WhiteElo "1698"]
[BlackElo "1770"]
[PlyCount "163"]
[EventDate "2012.11.08"]
[EventType "swiss"]
[EventRounds "11"]
[EventCountry "SLO"]
[SourceTitle "EXT 2013"]
[Source "ChessBase"]
[SourceDate "2012.11.22"]
[SourceVersion "1"]
[SourceVersionDate "2012.11.22"]
[SourceQuality "1"]

1. e4 g6 2. d4 Bg7 3. Nc3 Nc6 4. Be3 d5 5. exd5 Nb4 6. Bc4 Nf6 7. Nge2 Nbxd5 8. Nxd5 Nxd5 9. Bxd5 Qxd5 10. 0-0 0-0 11. b3 Bf5 12. Qd2 Rfd8 13. c4 Qd7 14. Rac1 c6 15. Rfd1 Rac8 16. Qe1 Qe8 17. Ng3 Be6 18. Qa5 Ra8 19. Rd2 b6 20. Qa3 b5 21. Qc5 a5 22. Re1 Rac8 23. Bg5 Rd7 24. Ne2 h6 25. Be3 Rdd8 26. Nf4 Bf5 27. f3 Rd6 28. Bf2 Qd7 29. Ne2 Rd8 30. Red1 g5 31. Bg3 Rg6 32. d5 bxc4 33. bxc4 Qc8 34. Qxe7 cxd5 35. cxd5 Bf8 36. Qc7 Qa8 37. Qe5 Bc5+ 38. Kh1 Bd7 39. Nc3 Bb4 40. Rd3 Re8 41. Qd4 Bf5 42. Re3 Rc8 43. Qe5 Bc5 44. Re2 Bd6 45. Qd4 Bc5 46. Qa4 Bb4 47. Ne4 Rd8 48. Qb3 Qa6 49. Qb2 Ba3 50. Qc2 Rc8 51. Qd3 Rc1 52. Ree1 Qxd3 53. Rxd3 Rxe1+ 54. Bxe1 Bb4 55. Bxb4 axb4 56. d6 Kf8 57. d7 Bxd7 58. Rxd7 Rc6 59. h3 Ra6 60. Rd2 f5 61. Nc5 Rc6 62. Nb3 Ke7 63. Kg1 f4 64. Kf2 Ke6 65. Ke2 Rc3 66. Rb2 Ke5 67. Nd2 Re3+ 68. Kd1 Kd5 69. Rxb4 Ra3 70. Rb2 Kd4 71. Kc2 Rc3+ 72. Kb1 Re3 73. a4 Kc5 74. a5 Kc6 75. Kc2 Re5 76. Nc4 Rc5 77. Rb4 h5 78. a6 h4 79. a7 g4 80. a8Q+ Kd7 81. Qa7+ Kd8 82. Rb8+ 1-0

[Event "Wch U10"]
[Site "Maribor"]
[Date "2012.11.11"]
[Round "4.35"]
[White "Zhao, Chenxi"]
[Black "Trubchaninov, Artem"]
[Result "1-0"]
[WhiteElo "1997"]
[BlackElo "1698"]
[PlyCount "109"]
[EventDate "2012.11.08"]
[EventType "swiss"]
[EventRounds "11"]
[EventCountry "SLO"]
[SourceTitle "EXT 2013"]
[Source "ChessBase"]
[SourceDate "2012.11.22"]
[SourceVersion "1"]
[SourceVersionDate "2012.11.22"]
[SourceQuality "1"]

1. e4 e5 2. Nf3 Nf6 3. Nc3 Bb4 4. Nxe5 d6 5. Nd3 Bxc3 6. dxc3 Nxe4 7. Qf3 0-0 8. Be2 Re8 9. Be3 Nd7 10. 0-0-0 Ndf6 11. h3 Be6 12. Kb1 Qd7 13. Nf4 Ng5 14. Qg3 Nfe4 15. Qh4 Qa4 16. c4 Bxc4 17. Bxc4 Qxc4 18. Rd4 Qb5 19. Nd5 Ne6 20. c4 Qd7 21. Rxe4 f5 22. Rxe6 Rxe6 23. Qg3 Rf8 24. Rd1 Re4 25. Bd4 f4 26. Qg4 Qxg4 27. hxg4 Rf7 28. Nc3 Re6 29. f3 Rg6 30. Ne4 a6 31. Bf2 h6 32. c5 dxc5 33. Nxc5 b6 34. Nxa6 h5 35. Rd8+ Kh7 36. gxh5 Rxg2 37. Rd2 c5 38. b4 Ra7 39. b5 Re7 40. Bxc5 Rxd2 41. Bxe7 Rd5 42. a4 Rxh5 43. Bd8 Rh6 44. Nb8 Kg8 45. Nc6 Kf8 46. Bxb6 Ke8 47. Bd4 g5 48. b6 Kd7 49. b7 Kc7 50. b8Q+ Kxc6 51. Qb6+ Kd5 52. Qc5+ Ke6 53. Qc6+ Kf5 54. Qxh6 g4 55. Qf6# 1-0

[Event "EU-ch U10"]
[Site "Prague"]
[Date "2012.08.25"]
[Round "9"]
[White "Lomasov, Semen"]
[Black "Trubchaninov, Artem"]
[Result "1-0"]
[WhiteElo "1954"]
[BlackElo "1696"]
[PlyCount "62"]
[EventDate "2012.08.17"]
[EventType "swiss"]
[EventRounds "9"]
[EventCountry "CZE"]
[SourceTitle "CBM 150 Extra"]
[Source "ChessBase"]
[SourceDate "2012.10.19"]
[SourceVersion "1"]
[SourceVersionDate "2012.10.19"]
[SourceQuality "1"]

1. e4 c5 2. Nf3 e6 3. d4 cxd4 4. Nxd4 Nf6 5. Nc3 Nc6 6. Ndb5 Bb4 7. a3 Bxc3+ 8. Nxc3 d5 9. exd5 exd5 10. Bd3 0-0 11. 0-0 d4 12. Ne2 Qd5 13. h3 Bd7 14. Bf4 Rfe8 15. c3 dxc3 16. Nxc3 Qd4 17. Bg3 a6 18. Qc2 Rac8 19. Rad1 Qc5 20. Bxh7+ Nxh7 21. Rxd7 Rcd8 22. Rxd8 Rxd8 23. Rd1 Nd4 24. Qe4 Ng5 25. Qxb7 Ne2+ 26. Kh2 Rxd1 27. Nxd1 Qc2 28. Qa8+ Kh7 29. Qd5 f6 30. h4 Ne4 31. Ne3 Qb1 1-0